[Event "Cto de Aragon por Equipos - Preferente Grupo II"]
[Site ""]
[Date "2022.03.05"]
[Round "6.68"]
[White "Franco Ibanez, Carlos"]
[Black "Sanz Parron, Laura"]
[Result "1/2-1/2"]
[WhiteElo "1913"]
[BlackElo "1717"]
[PlyCount "0"]
[WhiteTeam "Shatranj"]
[BlackTeam "Marcos Frechin B"]
[EventDate "2022.01.29"]

1. d4 d5 2. c4 e6 3. Nf3 Nf6 4. g3 Be7 5. Bg2 O-O 6. O-O b6 7. Nc3 Ba6 8. Ne5
c6 9. b3 Qc7 10. Bb2 Nbd7 11. Rc1 Qb7 12. e4 Nxe4 13. Nxe4 dxe4 14. Bxe4 Nxe5
15. dxe5 Rad8 16. Qf3 Rc8 17. Rfd1 Qc7 18. Rd3 Bb7 19. Rcd1 Rfd8 20. Rxd8+ Rxd8
21. Rxd8+ Bxd8 22. b4 Ba6 23. Qd3 h6 24. b5 cxb5 25. cxb5 Bc8 26. Qd6 a6 27. a4
axb5 28. axb5 Qxd6 29. exd6 e5 30. Bxe5 Be6 31. f4 f6 32. Bd4 Kf7 33. f5 Bc4
34. Bc6 Bd3 35. Bd7 g6 36. fxg6+ Bxg6 37. Kf2 Kf8 38. Ke3 Be8 39. Bc6 Bg6 40.
Kf4 Kf7 41. Bd7 Kf8 42. Bc3 Kg7 43. g4 Bd3 44. Bd4 Kf7 45. h4 Bc4 46. Kg3 Be6
47. Bc6 Bc4 48. Be3 Kg7 49. Kf4 Be6 50. Be8 Kf8 51. Bc6 Kg7 52. Bd4 Kf7 53. Bc3
Bc4 54. Ke4 (54. Bd7 Bd3 55. Ke3 Bc4 56. Ke4 Bb3 57. Bd2 Kg7 58. Kd4 Bf7 59.
Bf5 Bb3 60. Bf4 Bf7 61. Bd2 Bg8 62. Bb4 Bf7 63. h5 Bg8 64. Bd3 Be6 65. Be2 Bb3
66. Bc4 Bd1 67. Be6 Bc2 68. d7 Bd1 69. Kd5 Be2 70. Kc6 Bf3+ 71. Kd6 Be2 72. Kc6
Bf3+) 54... Bb3 55. Bd2 Kg7 56. Kd4 Bf7 57. Bf4 Bb3 58. Be4 Bf7 59. Bd2 Bg8 60.
Bb4 Bf7 61. h5 Bg8 62. Bd3 Be6 63. Be2 Bb3 64. Bc4 Bd1 65. Be6 Bc2 66. d7 Bd1
67. Kd5 Be2 68. Kc6 Bf3+ 69. Kd6 Be2 70. Kc6 Bf3+ 1/2-1/2

[Event "Cto de Aragon por Equipos - Preferente Grupo II"]
[Site ""]
[Date "2022.03.05"]
[Round "6.69"]
[White "Garcia Mendez, Beatriz"]
[Black "Ballonga Arruego, Alejandro"]
[Result "1-0"]
[WhiteElo "1692"]
[BlackElo "1676"]
[PlyCount "0"]
[WhiteTeam "Marcos Frechin B"]
[BlackTeam "Shatranj"]
[EventDate "2022.01.29"]

1. c4 b6 2. g3 Bb7 3. Nf3 e6 4. Bg2 f5 5. O-O Nf6 6. d3 Be7 7. Nc3 O-O 8. Re1
Bb4 9. Bd2 Na6 10. a3 Bxc3 11. Bxc3 Qe7 12. b4 Rae8 13. e4 f4 14. gxf4 Nh5 15.
f5 Nf4 16. fxe6 Qxe6 17. Be5 Nxg2 18. Kxg2 Qg4+ 19. Bg3 Rf6 20. Ne5 Qe6 21. Qg4
Qxg4 22. Nxg4 Rg6 23. Ne3 h5 24. h4 Nb8 25. Kh2 Nc6 26. f4 Nd4 27. Rf1 Ne2 28.
Rf3 Nd4 29. Rf2 Rf6 30. f5 Nc6 31. Nd5 Rf7 32. Nxc7 Ne5 33. Bxe5 Rxe5 34. Nd5
Bxd5 35. cxd5 g6 36. Rg2 Rf6 37. Rag1 1-0

[Event "Cto de Aragon por Equipos - Preferente Grupo II"]
[Site ""]
[Date "2022.03.05"]
[Round "6.70"]
[White "Santos Hernandez, Higinio"]
[Black "Perez Tomas, Juan Manuel"]
[Result "0-1"]
[WhiteElo "1418"]
[BlackElo "1638"]
[PlyCount "0"]
[WhiteTeam "Shatranj"]
[BlackTeam "Marcos Frechin B"]
[EventDate "2022.01.29"]

1. d4 Nf6 2. Nf3 d5 3. e3 e6 4. Bd3 c5 5. c3 Nbd7 6. O-O Bd6 7. Nbd2 b6 8. dxc5
Nxc5 9. Bc2 Ba6 10. Re1 Nd3 11. Bxd3 Bxd3 12. Nb3 Bg6 13. Nbd4 a6 14. b4 e5 15.
Ne2 O-O 16. Bb2 Re8 17. a3 Qd7 18. Rc1 b5 19. Ng3 Rac8 20. Nh4 Rc4 21. Nxg6
hxg6 22. Ne2 Bc7 23. Ng3 Bb6 24. Nf1 Qf5 25. Nd2 Rg4 26. Qf3 Qg5 27. g3 Qh5 28.
Qg2 e4 29. Nb3 Nd7 30. Nd4 Ne5 31. h3 Rg5 32. Rc2 Kh7 33. h4 Rg4 34. Ne2 Nf3+
35. Kf1 Nxe1 36. Kxe1 Qxh4 37. Nf4 Qg5 38. Qh2+ Kg8 39. Ke2 Rc8 40. Rd2 Rd8 41.
Rd1 Qe5 42. Rh1 Kf8 43. Ba1 d4 44. cxd4 Qc7 45. Kd2 Rxf4 46. gxf4 Rc8 47. Rd1
a5 48. d5 f6 49. Qh1 Qc4 50. Ke1 axb4 51. axb4 Kf7 52. d6 Ra8 53. Bb2 Ra2 54.
Rc1 Qxb4+ 55. Bc3 Qxc3+ 56. Rxc3 Ra1+ 57. Ke2 Rxh1 58. Rc6 Ba5 59. Ra6 Re1# 0-1

[Event "Cto de Aragon por Equipos - Preferente Grupo II"]
[Site ""]
[Date "2022.03.12"]
[Round "7.50"]
[White "Osorio Marin, Alejandro"]
[Black "Sanjulian Arruga, Pablo"]
[Result "1/2-1/2"]
[WhiteElo "1960"]
[BlackElo "1888"]
[PlyCount "0"]
[WhiteTeam "Shatranj"]
[BlackTeam "MyInvestor Casablanca C"]
[EventDate "2022.01.29"]


1. Nf3 c5 2. b3 Nf6 3. e3 d6 4. Bb2 Bd7 5. Be2 Bc6 6. O-O e6 7. d4 Be7 
8. c4 O-O 9. Nc3 Re8 10. Qc2 Nbd7 11. Rfd1 b6 12. e4 cxd4 13. Nxd4 Bb7 
14. Ndb5 Qb8 15. Rd2 a6 16. Nd4 Qc7 17. Bf1 Rac8 18. Re1 Red8 19. g3 Qb8 
20. Bg2 Nc5 21. Rdd1 Qa8 22. Qe2 Bf8 23. f4 d5 24. cxd5 exd5 25. e5 Nfe4 1/2-1/2

[Event "Cto de Aragon por Equipos - Preferente Grupo II"]
[Site ""]
[Date "2022.03.12"]
[Round "7.51"]
[White "Ruiz Fernandez, Daniel"]
[Black "Franco Ibanez, Carlos"]
[Result "0-1"]
[WhiteElo "1803"]
[BlackElo "1913"]
[PlyCount "0"]
[WhiteTeam "MyInvestor Casablanca C"]
[BlackTeam "Shatranj"]
[EventDate "2022.01.29"]

1. e4 e5 2. Nf3 Nc6 3. Nc3 Nf6 4. d4 exd4 5. Nxd4 Bb4 6. Nxc6 bxc6 7. Bd3 d5 
8. exd5 Qe7+ 9. Qe2 Nxd5 10. Qxe7+ Kxe7 11. Bd2 Nxc3 12. bxc3 Bd6 
13. O-O Be6 14. Rfe1 Kd7 15. c4 c5 16. Bc3 f6 17. Rab1 Rab8 18. a4 a6 1
9. h4 h6 20. g3 Rhe8 21. Rb3 Rxb3 22. cxb3 Bg4 23. Rxe8 Kxe8 24. Bc2 Be5 
25. Bxe5 fxe5 26. a5 Ke7 27. Kg2 Kd6 28. f3 Bd7 29. Kf2 Ke6 30. Be4 c6 
31. g4 Kf6 32. h5 Kf7 33. Ke3 Ke7 34. Bg6 Ke6 35. Ke4 Kf6 36. f4 0-1

[Event "Cto de Aragon por Equipos - Preferente Grupo II"]
[Site ""]
[Date "2022.03.12"]
[Round "7.52"]
[White "Del Corral Abancens, Alfonso"]
[Black "Bello Cera, Raul"]
[Result "0-1"]
[WhiteElo "1872"]
[BlackElo "1641"]
[PlyCount "0"]
[WhiteTeam "Shatranj"]
[BlackTeam "MyInvestor Casablanca C"]
[EventDate "2022.01.29"]


1. e4 e5 2. Nf3 Nc6 3. d4 exd4 4. Bc4 Nf6 5. e5 d5 6. Bd3 Ne4 7. h3 Bc5 
8. Nbd2 Bf5 9. O-O Bg6 10. Re1 Nxd2 11. Bxd2 O-O 12. Bg5 Qd7 13. Bb5 Qf5 
14. Bxc6 bxc6 15. Rc1 Bb4 16. g4 Qd7 17. Bd2 Bxd2 18. Qxd2 c5 19. Ng5 Rfe8 
20. f4 h6 21. f5 Bxf5 22. Qf2 Bxg4 23. Qxf7+ Qxf7 24. Nxf7 Kxf7 25. hxg4 0-1

[Event "Cto de Aragon por Equipos - Preferente Grupo II"]
[Site ""]
[Date "2022.03.12"]
[Round "7.53"]
[White "Perez Artigues, Ramon"]
[Black "Munoz Bornao, Miguel Angel"]
[Result "1/2-1/2"]
[WhiteElo "1145"]
[BlackElo "1670"]
[PlyCount "0"]
[WhiteTeam "MyInvestor Casablanca C"]
[BlackTeam "Shatranj"]
[EventDate "2022.01.29"]

1. e4 c5 2. d4 cxd4 3. c3 d3 4. Bxd3 d6 5. c4 Nf6 6. Nf3 e6 7. O-O Be7 
8. Nc3 O-O 9. Qe2 a6 10. Rd1 Qc7 11. e5 dxe5 12. Nxe5 Nbd7 13. Bf4 Bd6 
14. Re1 Nxe5 15. Bxe5 Bxe5 16. Qe4 (16. Qxe5 Qxe5 17. Rxe5 Rd8 
18. Rd1 Bd7 19. h3 Bc6 20. g4 Rd7 21. Bc2 Rad8 22. Ree1 h6 23. b4 Kf8 
24. Rxd7 Rxd7 25. Rd1 Ke7 26. b5 axb5 27. cxb5 Bf3 28. Rxd7+ Kxd7 29. a4 b6 
30. Kh2 Bb7 31. Kg3 Kd6 32. f3 Nd5 33. Nxd5 exd5 34. Kf4 Kc5 
35. Ke5 Kc4 36. Kd6 d4 37. Bd1 Kd3 38. Kc7 Kd2 39. Kxb7 Kxd1 40. Kxb6 d3 
41. a5 d2 42. a6 Kc1 43. a7 d1=Q 44. a8=Q Qg1+ 45. Kc7 Qg3+ 1/2-1/2

[Event "Cto de Aragon por Equipos - Preferente Grupo II"]
[Site ""]
[Date "2022.03.12"]
[Round "7.54"]
[White "Vallverdu Miret, Oscar"]
[Black "Lopez Lozano, David"]
[Result "1/2-1/2"]
[WhiteElo "2111"]
[BlackElo "1745"]
[PlyCount "0"]
[WhiteTeam "Fraga"]
[BlackTeam "Marcos Frechin B"]
[EventDate "2022.01.29"]

1. d4 Nf6 2. Bf4 g6 3. Nc3 d5 4. Qd2 Bg7 5. f3 a6 6. Bh6 Bxh6 7. Qxh6 Nc6 8.
O-O-O Qd6 9. g4 Be6 10. Nh3 Qb4 11. Qd2 O-O-O 12. Nf4 Kb8 13. e3 Bc8 14. Nd3
Qa5 15. Kb1 Rhe8 16. a3 Nd7 17. Nc1 e6 18. f4 Nf6 19. g5 Nh5 20. Be2 Ng7 21.
Nd3 Nf5 22. Ne5 Nxe5 23. fxe5 c5 24. Bg4 cxd4 25. exd4 Re7 26. Bxf5 exf5 27. h4
Rc7 28. Ne4 Qxd2 29. Nxd2 Bd7 30. c3 Ka7 31. Rdf1 Rdc8 32. h5 b6 33. hxg6 hxg6
34. Rh7 Be6 35. Kc2 Kb7 36. Kd3 a5 37. Rf2 Ka6 38. Rhh2 Re7 39. Rh7 Kb5 40. Rh1
Ree8 41. Ke3 Rh8 42. Rfh2 Rxh2 43. Rxh2 Ka4 44. Rh1 b5 45. Kf4 b4 46. axb4 axb4
47. Ra1+ Kb5 48. Rb1 Rh8 49. Kg3 Rh5 50. Nf3 bxc3 51. bxc3+ Kc4 52. Rc1 Kb3 53.
Kf4 Kb2 54. Re1 Kxc3 55. Ke3 Rh3 56. Rc1+ Kb2 57. Rc7 Rg3 58. Rb7+ Kc3 59. Rc7+
Kb4 60. Rb7+ Ka5 61. Kf4 Rg4+ 62. Ke3 Re4+ 63. Kf2 Ka6 64. Rc7 Kb6 65. Rc3 Rg4
66. Rc1 Bd7 67. Rg1 Rxg1 68. Nxg1 Ka5 69. Nh3 Kb4 70. Ke3 Ba4 71. Nf4 Kc3 72.
Nh3 Bd7 73. Nf4 Be6 74. Ne2+ Kb3 75. Kd3 Kb2 76. Kd2 Bd7 77. Nf4 Bc6 78. e6
fxe6 79. Nxg6 Kb3 80. Nf4 Be8 81. Nxe6 Bf7 82. Nf4 Kc4 83. Ke3 Kc3 84. Ne2+ Kc4
85. Nf4 Kc3 1/2-1/2

[Event "Cto de Aragon por Equipos - Preferente Grupo II"]
[Site ""]
[Date "2022.03.12"]
[Round "7.55"]
[White "Sanz Parron, Laura"]
[Black "Aribau Rivas, Miguel Angel"]
[Result "0-1"]
[WhiteElo "1717"]
[BlackElo "2024"]
[PlyCount "0"]
[WhiteTeam "Marcos Frechin B"]
[BlackTeam "Fraga"]
[EventDate "2022.01.29"]

1. e4 c5 2. Nf3 e6 3. g3 Nc6 4. Bg2 Nf6 5. Nc3 a6 6. a4 Be7 7. O-O d6 8. Re1
O-O 9. d4 cxd4 10. Nxd4 Qc7 11. Be3 Rb8 12. Qe2 Ne5 13. Bf1 b6 14. h3 Bb7 15.
Bd2 Rfc8 16. Bg2 Nc4 17. Rab1 Nd7 18. Red1 Bf6 19. Be1 Qc5 20. Nb3 Qc7 21. Nd4
Rd8 22. Ncb5 axb5 23. Nxb5 Qc6 24. Na7 Qc5 25. b4 Qc7 26. e5 Ncxe5 27. Nb5 Qc4
28. Qxc4 Nxc4 29. Bxb7 Rxb7 30. Nxd6 Nxd6 31. Rxd6 Ne5 32. Rxd8+ Bxd8 33. Bc3
Bf6 34. Kg2 Kf8 35. Rd1 Nd7 36. Bd2 Ke8 37. Be3 Bc3 38. Rb1 Nf6 39. Rb3 Nd5 40.
Bc1 Bxb4 41. c4 Ba5 42. cxd5 exd5 43. Rd3 Rd7 44. Ba3 Kd8 45. Kf3 Kc7 46. Ke3
Kc6 47. Kd4 Be1 48. f4 Ra7 49. Ke5 Rxa4 50. Bf8 Re4+ 51. Kf5 Re6 52. h4 g6+ 53.
Kg4 h5+ 54. Kg5 Bf2 55. Rf3 Bc5 56. Bg7 Be7+ 57. Kh6 b5 58. Rc3+ Kb7 59. Rd3
Rd6 60. Be5 Rd7 61. Kg7 Bc5 62. Kf6 Kc6 63. f5 gxf5 64. Kxf5 Be7 65. Bd4 b4 66.
Ke5 Kb5 67. Rf3 Kc4 68. Bb2 d4 69. Rf4 Bd6+ 0-1

[Event "Cto de Aragon por Equipos - Preferente Grupo II"]
[Site ""]
[Date "2022.03.12"]
[Round "7.56"]
[White "Chine Infantes, Miguel Angel"]
[Black "Garcia Mendez, Beatriz"]
[Result "1-0"]
[WhiteElo "1811"]
[BlackElo "1692"]
[PlyCount "0"]
[WhiteTeam "Fraga"]
[BlackTeam "Marcos Frechin B"]
[EventDate "2022.01.29"]

1. e4 c5 2. Nf3 Nc6 3. Bc4 g6 4. Nc3 Bg7 5. d3 e6 6. Bg5 Nge7 7. O-O O-O 8. Qd2
a6 9. Bh6 Nd4 10. Nxd4 cxd4 11. Bxg7 Kxg7 12. Ne2 Nc6 13. f4 d5 14. Bb3 dxe4
15. dxe4 Qb6 16. Kh1 Rd8 17. Rad1 Qc5 18. Rf3 e5 19. f5 f6 20. Rh3 g5 21. Ng3
Qe7 22. Qe2 Bd7 23. Rxh7+ Kxh7 24. Qh5+ Kg7 25. Qg6+ Kf8 26. Qg8# 1-0

[Event "Cto de Aragon por Equipos - Preferente Grupo II"]
[Site ""]
[Date "2022.03.12"]
[Round "7.57"]
[White "Perez Tomas, Juan Manuel"]
[Black "Casas Chine, German"]
[Result "1-0"]
[WhiteElo "1638"]
[BlackElo "1775"]
[PlyCount "0"]
[WhiteTeam "Marcos Frechin B"]
[BlackTeam "Fraga"]
[EventDate "2022.01.29"]

1. e4 c5 2. Ne2 Nc6 3. g3 g6 4. Bg2 Bg7 5. c3 e5 6. Na3 Nge7 7. f4 d6 8. Nc2
O-O 9. d4 cxd4 10. cxd4 exd4 11. Nexd4 Nxd4 12. Nxd4 Qb6 13. Nb3 f5 14. Qe2
fxe4 15. Be3 Qb4+ 16. Bd2 Qa4 17. Qxe4 Qxe4+ 18. Bxe4 Bxb2 19. Rb1 Bg7 20. Bb4
Re8 21. Kf2 Nc6 22. Bxc6 bxc6 23. Bxd6 Bf5 24. Rbe1 Be4 25. Rhg1 a5 26. Be5
Bxe5 27. Rxe4 Bc7 28. Rge1 Kf7 29. Rxe8 Rxe8 30. Rxe8 Kxe8 31. a4 Kd7 32. Kf3
Kd6 33. Ke4 Bb6 34. g4 Ke6 35. Nd2 Bc7 36. Nc4 Kf6 37. Ne5 Bxe5 38. fxe5+ Ke6
39. g5 c5 40. h3 c4 41. Kd4 c3 42. Kxc3 Kxe5 43. Kc4 Kf5 44. Kb5 Kxg5 45. Kxa5
Kh4 46. Kb6 Kxh3 47. a5 g5 48. a6 g4 49. a7 g3 50. a8=Q g2 51. Qf3+ 1-0

[Event "Cto de Aragon por Equipos - Preferente Grupo II"]
[Site ""]
[Date "2022.03.12"]
[Round "7.58"]
[White "Sig Vargas, Pablo"]
[Black "Arrieta Restrepo, Steven"]
[Result "1/2-1/2"]
[WhiteElo "1897"]
[BlackElo "2031"]
[PlyCount "0"]
[WhiteTeam "Enroque de Barbastro"]
[BlackTeam "Monzon"]
[EventDate "2022.01.29"]

1. b4 Nf6 2. Bb2 e6 3. b5 d5 4. Nf3 Be7 5. d3 O-O 6. g3 b6 7. Bg2 a6 8. a4 Bb7
9. O-O Nbd7 10. Nbd2 Nc5 11. Ne5 axb5 12. axb5 Rxa1 13. Qxa1 Qa8 14. Ndf3 Na4
15. Ba3 Bd6 16. h3 Qa5 17. Bxd6 cxd6 18. Nc6 Qxb5 19. Nfd4 Qa6 20. Qa3 Nc5 21.
Qxa6 Bxa6 22. Rb1 Nfd7 23. h4 Re8 24. Nb4 Rc8 25. Ra1 Nb8 26. Rb1 Bb7 27. Nb5
Rd8 28. Kf1 Kf8 29. Ke1 Ke7 30. Kd2 Rd7 31. h5 Nba6 32. Nxa6 Bxa6 33. Nd4 b5
34. Nxb5 Bxb5 35. Rxb5 1/2-1/2

[Event "Cto de Aragon por Equipos - Preferente Grupo II"]
[Site ""]
[Date "2022.03.12"]
[Round "7.59"]
[White "Barranco Mananet, Fernando"]
[Black "Delgado Pascual, Hugo"]
[Result "1-0"]
[WhiteElo "1981"]
[BlackElo "1704"]
[PlyCount "0"]
[WhiteTeam "Monzon"]
[BlackTeam "Enroque de Barbastro"]
[EventDate "2022.01.29"]

1. e4 c5 2. Nc3 d6 3. f4 Nc6 4. Bb5 Bd7 5. Nf3 a6 6. Be2 e6 7. O-O Nge7 8. d3
g6 9. Bd2 Bg7 10. Rb1 O-O 11. Qe1 b5 12. Qh4 Nd4 13. Nxd4 Bxd4+ 14. Kh1 Nc6 15.
Qg3 Bg7 16. f5 b4 17. Nd1 Nd4 18. Bf3 exf5 19. Qxd6 Rc8 20. Ne3 Re8 21. Nc4
Nxc2 22. Nb6 Be5 23. Qxd7 Qxb6 24. exf5 Red8 25. Qa4 b3 26. fxg6 hxg6 27. Ba5
Qb5 28. axb3 Rxd3 29. Be4 Qxb3 30. Qxb3 Rxb3 31. Bxc2 Rxb2 32. Rxb2 Bxb2 33.
Rb1 Ba3 34. Kg1 Bb4 35. Ra1 Rc6 36. Kf2 Rd6 37. Kf3 Rd2 38. Be4 f5 39. Bb7 g5
40. Bxb4 cxb4 41. Rxa6 b3 42. Ke3 b2 43. Rb6 Rc2 44. Kd3 Rf2 45. Kc3 Kg7 46.
Rxb2 Rf1 47. Kd3 Re1 48. Rf2 Kg6 49. Bd5 g4 50. Kd4 Kg5 51. g3 Re8 52. Bc4 Rf8
53. Ke5 Kg6 54. Be6 Ra8 55. Bxf5+ Kg5 56. Be4 Ra5+ 57. Bd5 Ra1 58. Rf5+ Kg6 59.
Rf4 Kg5 60. Rf5+ Kg6 61. Be4 Kh6 62. Rf6+ Kh5 63. Rf5+ Kh6 64. Kf4 Re1 65. Kxg4
Rxe4+ 66. Rf4 Re5 67. h4 Kg6 68. Rc4 Re6 69. h5+ Kh6 70. Kh4 Kh7 71. g4 Re7 72.
Rc5 Ra7 73. Kg5 Rg7+ 74. Kf4 Rf7+ 75. Rf5 Ra7 76. Re5 Rf7+ 77. Kg5 Rg7+ 78. Kf4
Rf7+ 79. Rf5 Ra7 80. g5 Ra4+ 81. Kg3 Kg7 82. Rf4 Ra7 83. Kg4 Rd7 84. h6+ Kh7
85. Kh5 Ra7 86. g6+ Kg8 87. h7+ Kg7 88. Rf7+ Rxf7 89. gxf7 Kxh7 90. f8=R 1-0

[Event "Cto de Aragon por Equipos - Preferente Grupo II"]
[Site ""]
[Date "2022.03.12"]
[Round "7.60"]
[White "Jimenez Azlor, Hugo"]
[Black "Hidalgo Gracia, Andres"]
[Result "0-1"]
[WhiteElo "1554"]
[BlackElo "1817"]
[PlyCount "0"]
[WhiteTeam "Enroque de Barbastro"]
[BlackTeam "Monzon"]
[EventDate "2022.01.29"]

1. e4 c5 2. Nc3 Nc6 3. f4 e6 4. Bb5 Qc7 5. Bxc6 Qxc6 6. Nf3 d6 7. O-O Nf6 8. d3
Be7 9. Qe1 O-O 10. e5 Nd5 11. Qg3 Nxc3 12. bxc3 Rd8 13. c4 d5 14. cxd5 Qxd5 15.
Be3 b6 16. Rf2 Bb7 17. Rd2 Rac8 18. c4 Qc6 19. Rad1 Qa4 20. Qf2 Rd7 21. Qe2 Ba6
22. g4 Rcd8 23. Ne1 Qa3 24. g5 b5 25. cxb5 Bxb5 26. h4 Rd5 27. Kf2 R8d7 28. Kg1
Bd8 29. Kf2 a6 30. Kg1 Ba5 31. Rc2 Ba4 32. Rcc1 Bxd1 33. Rxd1 Bxe1 34. Rxe1
Rxd3 35. Qg2 c4 36. Bf2 Qxa2 37. Re3 Rd8 38. Rxd3 cxd3 39. Qf1 d2 40. Qd1 Qb2
41. Be3 Qc1 42. Qxc1 dxc1=Q+ 43. Bxc1 Rd1+ 0-1

[Event "Cto de Aragon por Equipos - Preferente Grupo II"]
[Site ""]
[Date "2022.03.12"]
[Round "7.61"]
[White "Ocabo Vera, Pedro Aristides"]
[Black "Carrera Angulo, Nicolas"]
[Result "0-1"]
[WhiteElo "1632"]
[BlackElo "1472"]
[PlyCount "0"]
[WhiteTeam "Monzon"]
[BlackTeam "Enroque de Barbastro"]
[EventDate "2022.01.29"]

1. d4 d5 2. Bf4 Nf6 3. e3 e6 4. Nf3 Bd6 5. Ne5 c5 6. c3 Qc7 7. Nd2 Nbd7 8. Ndf3
Nh5 9. Nxd7 Bxd7 10. Bxd6 Qxd6 11. Ne5 Nf6 12. Bd3 c4 13. Bc2 O-O 14. O-O b5
15. f4 Rae8 16. Qf3 g6 17. g4 Re7 18. h4 Kh8 19. Kf2 Bc8 20. Rh1 Qc7 21. Raf1
Ne4+ 22. Bxe4 dxe4 23. Qg3 f6 24. Rd1 fxe5 25. dxe5 Qxe5 26. Rd4 Qg7 27. Rhd1
Bb7 28. Rd8 Qf7 29. Ke2 Rxd8 30. Rxd8+ Re8 31. Rd4 Rf8 32. Rd1 Qe7 33. g5 Rd8
34. Rd4 Rxd4 35. exd4 Kg7 36. Qh3 Qf7 37. Ke3 Kf8 38. Qg3 Ke7 39. Qh3 Kd7 40.
Qg3 Qf5 41. Qg2 Kc7 42. b4 cxb3 43. axb3 Kb6 44. c4 a6 45. Qg3 bxc4 46. bxc4
Qa5 47. c5+ Kb5 48. Ke2 Qa2+ 49. Ke1 Qb1+ 50. Kd2 Qd3+ 51. Qxd3+ exd3 52. Kxd3
a5 53. Kc3 Bd5 54. Kd3 a4 55. Kc3 a3 56. Kc2 Kc4 57. Kb1 Kxd4 0-1

[Event "Cto de Aragon por Equipos - Preferente Grupo II"]
[Site ""]
[Date "2022.03.12"]
[Round "7.62"]
[White "Iglesias Fernandez, Luis"]
[Black "Ferreruela Romero, Jose Joaquin"]
[Result "0-1"]
[WhiteElo "1856"]
[BlackElo "2007"]
[PlyCount "0"]
[WhiteTeam "Palacio De Pioneros C"]
[BlackTeam "San Jose"]
[EventDate "2022.01.29"]

1. d4 e6 2. Nf3 f5 3. Nc3 Nf6 4. Bg5 Bb4 5. a3 Bxc3+ 6. bxc3 b6 7. g3 Bb7 8.
Bg2 O-O 9. O-O d6 10. c4 Nbd7 11. c3 Qe8 12. Re1 Qh5 13. Bxf6 Nxf6 14. Nd2 Bxg2
15. Kxg2 Qf7 16. Nf3 Ne4 17. Qd3 Rae8 18. Ng1 e5 19. f3 Ng5 20. d5 Qf6 21. a4
a5 22. Nh3 Nf7 23. e4 g6 24. Qd2 Kg7 25. Rf1 h6 26. g4 f4 27. Nf2 Nd8 28. Nd3
Nb7 29. Rh1 h5 30. gxh5 gxh5 31. Rag1 Kf7 32. Kf1 Rg8 33. Rxg8 Rxg8 34. Rg1
Rxg1+ 35. Kxg1 Qg5+ 36. Qg2 Kf6 37. Kf2 Qxg2+ 38. Kxg2 Kg5 39. h3 Kh4 40. Kh2
Nd8 41. Ne1 Nb7 42. Nd3 Kg5 43. Kg2 Kf6 44. Kf2 Ke7 45. Ke2 Kd7 46. Kd2 c6 47.
Kc2 Nd8 48. Nc1 Kc8 49. Kb3 Kd7 50. Kc2 Kc7 51. Kd2 Nf7 52. Ne2 Nh8 53. Kc2 Ng6
54. Ng1 Nh4 55. Kd3 Ng2 56. Kd2 Ne3 57. Kd3 Kd7 58. Ne2 Nd1 59. Kc2 Ne3+ 60.
Kd3 Ke7 61. Ng1 Kf6 62. Ne2 c5 63. h4 Ng2 64. Nc1 0-1

[Event "Cto de Aragon por Equipos - Preferente Grupo II"]
[Site ""]
[Date "2022.03.12"]
[Round "7.63"]
[White "Serrano San Nicolas, Angel"]
[Black "Caballero Ortin, Jorge"]
[Result "0-1"]
[WhiteElo "1961"]
[BlackElo "1740"]
[PlyCount "0"]
[WhiteTeam "San Jose"]
[BlackTeam "Palacio De Pioneros C"]
[EventDate "2022.01.29"]

1. e4 c5 2. Nf3 d6 3. b4 cxb4 4. d4 e6 5. Bd3 Nf6 6. O-O Be7 7. a3 bxa3 8. Nxa3
h6 9. e5 dxe5 10. dxe5 Nd5 11. Nb5 Bd7 12. c4 Bxb5 13. cxb5 Nd7 14. Bb2 O-O 15.
Re1 Nc5 16. Bb1 Qb6 17. Qc2 g6 18. Qc4 Kg7 19. Bd4 Rfc8 20. Qe2 a6 21. bxa6
Rxa6 22. Be4 Rxa1 23. Rxa1 Qd8 24. Nd2 Nf4 25. Qe3 Qxd4 26. Qxf4 Qxa1+ 0-1

[Event "Cto de Aragon por Equipos - Preferente Grupo II"]
[Site ""]
[Date "2022.03.12"]
[Round "7.64"]
[White "Quintero Rodriguez, John"]
[Black "Baldellou Vicente, Roberto"]
[Result "1/2-1/2"]
[WhiteElo "1783"]
[BlackElo "1951"]
[PlyCount "0"]
[WhiteTeam "Palacio De Pioneros C"]
[BlackTeam "San Jose"]
[EventDate "2022.01.29"]

1. d4 Nf6 2. Nf3 d5 3. Bf4 e6 4. e3 Be7 5. c4 O-O 6. Nc3 a6 7. cxd5 exd5 8. h3
h6 9. Bd3 b6 10. O-O Bb7 11. Rc1 Bd6 12. Bxd6 Qxd6 13. Ne5 Nbd7 14. f4 Ne4 15.
Rc2 Rac8 16. g4 c5 17. Rg2 f6 18. Ng6 Rfe8 19. Nxe4 dxe4 20. dxc5 Qxc5 21. Bc4+
Qxc4 22. Qxd7 Qf7 1/2-1/2

[Event "Cto de Aragon por Equipos - Preferente Grupo II"]
[Site ""]
[Date "2022.03.12"]
[Round "7.65"]
[White "Palomar Ramon, Santiago"]
[Black "Cacho Almorin, Javier"]
[Result "1-0"]
[WhiteElo "1900"]
[BlackElo "1648"]
[PlyCount "0"]
[WhiteTeam "San Jose"]
[BlackTeam "Palacio De Pioneros C"]
[EventDate "2022.01.29"]

1. e4 e5 2. Nf3 Nc6 3. Bc4 Bc5 4. O-O Nf6 5. d4 Bxd4 6. Nxd4 Nxd4 7. Bg5 h6 8.
Bh4 d6 9. f4 Be6 10. Bxe6 Nxe6 11. fxe5 dxe5 12. Nc3 Qxd1 13. Raxd1 Ng5 14. Rf5
O-O 15. Bxg5 hxg5 16. Rxg5 Rfe8 17. Kf2 Rad8 18. Rxd8 Rxd8 19. Ke2 Nd7 20. Nd5
f6 21. Rg3 c6 22. Ne7+ Kf7 23. Nf5 g6 24. Nd6+ Kg7 25. Nxb7 Rb8 26. Rb3 f5 27.
Na5 Rxb3 28. cxb3 c5 29. Nc6 a6 30. b4 Kf6 31. exf5 gxf5 32. bxc5 Nxc5 33. b4
Ne4 34. Ke3 Nc3 35. a3 e4 36. Nb8 Nd5+ 37. Kd2 e3+ 38. Ke1 Nc7 39. Ke2 f4 40.
g3 Kf5 41. gxf4 Kxf4 42. a4 Ne6 43. Nc6 Ke4 44. b5 Nf4+ 45. Ke1 axb5 46. axb5
Kd3 47. Ne5+ Ke4 48. b6 1-0

[Event "Cto de Aragon por Equipos - Preferente Grupo II"]
[Site ""]
[Date "2022.03.12"]
[Round "7.66"]
[White "Gracia Campo, Carlos Alberto"]
[Black "Carrasquer Alonso, Luis"]
[Result "1-0"]
[WhiteElo "2019"]
[BlackElo "1822"]
[PlyCount "0"]
[WhiteTeam "El Olivar B"]
[BlackTeam "Jaque - Pirenauto B"]
[EventDate "2022.01.29"]


1. e4 e5 2. Nf3 Nc6 3. Bc4 Be7 4. O-O Nf6 5. Re1 O-O 6. c3 d6 7. h3 a6 8. d4 exd4

9. cxd4 d5 10. exd5 Nxd5 11. Bxd5 Qxd5 12. Nc3 Qd8 13. d5 Nb8 14. Bf4 Bf6 15. Ne4

Bxb2 16. Rb1 Ba3 17. Qd3 Bd6 18. Nxd6 cxd6 19. Ng5 g6 20. Qd4 Nd7 21. Ne4 Ne5 
22.
Nxd6 Qxd6 23. Rxe5 f6 24. Re8 Qd7 25. Rxf8+ Kxf8 26. Qxf6+ Qf7 27. Bh6+ Ke8 28.
Re1+  1-0

[Event "Cto de Aragon por Equipos - Preferente Grupo II"]
[Site ""]
[Date "2022.03.12"]
[Round "7.67"]
[White "Montoro Mavilla, Sergio"]
[Black "Galve Guinea, Alejandro"]
[Result "1-0"]
[WhiteElo "1784"]
[BlackElo "1984"]
[PlyCount "0"]
[WhiteTeam "Jaque - Pirenauto B"]
[BlackTeam "El Olivar B"]
[EventDate "2022.01.29"]

1. e4 Nf6 2. Nc3 d5 3. e5 Ne4 4. Nge2 Nxc3 5. bxc3 c5 6. d4 Nc6 7. Ng3 e6 8. Be2

cxd4 9. cxd4 Bb4+ 10. Kf1 Bc3 11. Be3 Bxa1 12. Qxa1 O-O 13. h4 f6 14. exf6 Qxf6
15. Nh5 Qf7 16. Rh3 Ne7 17. g4 Bd7 18. c4 Rac8 19. c5 Ng6 20. a4 Qe8 21. Bd1 Qd8

22. Qc3 Qc7 23. Qd3 Rf7 24. Kg2 Bc6 25. f4 Rcf8 26. Bc2 Rxf4 27. Nxf4 Rxf4 28. h5

Rxg4+ 29. Kf3 Rf4+ 30. Bxf4 Qxf4+ 31. Ke2 Qg4+  1-0

[Event "Cto de Aragon por Equipos - Preferente Grupo II"]
[Site ""]
[Date "2022.03.12"]
[Round "7.68"]
[White "Bailo Remacha, Santiago"]
[Black "Escario Nadal, Dario"]
[Result "1-0"]
[WhiteElo "1940"]
[BlackElo "1435"]
[PlyCount "0"]
[WhiteTeam "El Olivar B"]
[BlackTeam "Jaque - Pirenauto B"]
[EventDate "2022.01.29"]


1. d4 Nf6 2. c4 g6 3. Nc3 Bg7 4. e4 d6 5. f4 e5 6. dxe5 dxe5 7. Qxd8+ Kxd8 8. fxe5

Ng4 9. Bg5+ Ke8 10. Rd1 Nd7 11. Nd5 Bxe5 12. Nf3 Bd6 13. c5 Nxc5 14. e5 Nxe5 15.
Nf6+ Kf8 
16. Nxe5 Bxe5 17. Rd8+ Kg7 18. Ne8+ Rxe8 19. Rxe8 Bxb2 20. Bc4 b5 21. Bd5

Rb8 22. O-O Be6 23. Rxb8 Bxd5 24. Rd1 Bc4 25. Be3 Ne6 26. Bxa7 c5 27. Rd7 b4 28.
Rbb7 Bd4+ 
29. Kh1 Ng5 30. Rxd4 cxd4 31. Bxd4+ Kh6 32. Rxb4 Bxa2 33. Bf6 Kh5 34.
h3 Be6 35. Kh2 Bf5 
36. g4+ Kh6 37. gxf5 gxf5 38. Rh4+ Kg6 39. Bxg5  1-0